Most Points For Each Day Of The 2024-25 NBA Regular Season - Statistics

General Stats
  • This quiz has been taken 129 times
    42 since last reset
  • The average score is 44 of 59
Answer Stats
Team Player Days Led % Correct
Phoenix Suns Devin Booker 8
100%
Los Angeles Lakers LeBron James 5
100%
Dallas Mavericks, Los Angeles Lakers Luka Dončić 7
100%
Minnesota Timberwolves Anthony Edwards 10
97%
Cleveland Cavaliers Donovan Mitchell 2
97%
Milwaukee Bucks Giannis Antetokounmpo 7
97%
Los Angeles Clippers James Harden 6
97%
Memphis Grizzlies Ja Morant 1
97%
Boston Celtics Jayson Tatum 4
97%
Denver Nuggets Nikola Jokić 10
97%
Atlanta Hawks Trae Young 3
97%
San Antonio Spurs Victor Wembanyama 3
97%
Los Angeles Lakers, Dallas Mavericks Anthony Davis 4
95%
Orlando Magic Paolo Banchero 2
95%
Oklahoma City Thunder Shai Gilgeous-Alexander 20
95%
Philadelphia 76ers Tyrese Maxey 4
95%
Milwaukee Bucks Damian Lillard 4
92%
Cleveland Cavaliers Darius Garland 3
92%
Philadelphia 76ers Joel Embiid 2
92%
New York Knicks Karl-Anthony Towns 2
92%
Dallas Mavericks Kyrie Irving 3
92%
Memphis Grizzlies Jaren Jackson Jr. 2
90%
Los Angeles Clippers Kawhi Leonard 1
90%
Phoenix Suns Kevin Durant 4
90%
Los Angeles Lakers Austin Reaves 1
87%
New York Knicks Jalen Brunson 4
87%
Charlotte Hornets LaMelo Ball 2
87%
Brooklyn Nets Cam Thomas 2
85%
Denver Nuggets Jamal Murray 3
85%
Boston Celtics Jaylen Brown 2
85%
Minnesota Timberwolves Julius Randle 1
85%
Golden State Warriors Stephen Curry 2
85%
Sacramento Kings De'Aaron Fox 3
82%
Miami Heat Tyler Herro 2
82%
Chicago Bulls, Sacramento Kings Zach LaVine 3
79%
Houston Rockets Jalen Green 2
77%
Orlando Magic Franz Wagner 1
72%
Los Angeles Clippers Norman Powell 1
72%
New Orleans Pelicans Brandon Ingram 1
69%
Washington Wizards Jordan Poole 2
69%
Chicago Bulls Nikola Vučević 2
69%
Houston Rockets Alperen Sengun 1
67%
New Orleans Pelicans CJ McCollum 5
67%
Chicago Bulls Coby White 3
67%
Toronto Raptors RJ Barrett 2
67%
Memphis Grizzlies Desmond Bane 1
64%
Charlotte Hornets Miles Bridges 3
64%
Brooklyn Nets Cameron Johnson 1
59%
Houston Rockets Dillon Brooks 1
46%
Oklahoma City Thunder Aaron Wiggins 1
41%
Miami Heat Andrew Wiggins 1
41%
Portland Trail Blazers Shaedon Sharpe 1
41%
Philadelphia 76ers Quentin Grimes 3
36%
Portland Trail Blazers Deni Avdija 1
33%
Atlanta Hawks Zaccharie Risacher 1
28%
Los Angeles Lakers Dalton Knecht 1
13%
Milwaukee Bucks Pat Connaughton 1
13%
Toronto Raptors Ja'Kobe Walter 1
10%
Dallas Mavericks Naji Marshall 1
8%
No matching quizzes found
Score Distribution
Percent of People with Each Score
Percentile by Number Answered
Your Score History
You have not taken this quiz since the last reset